[Event "Mecklenburg VP Verbandsliga 2021"]
[Site "Mecklenburg VP"]
[Date "2020.10.18"]
[Round "2.2"]
[White "Hornych, Christoph"]
[Black "Schulz, Daniel1111"]
[Result "1-0"]
[WhiteElo "2171"]
[BlackElo "1817"]
[PlyCount "77"]
[EventDate "2020.09.27"]
[EventType "team-tourn"]
[EventRounds "9"]
[EventCountry "GER"]
[SourceTitle "EXT 2024"]
[Source "ChessBase"]
[SourceDate "2023.10.10"]
[SourceVersion "1"]
[SourceVersionDate "2023.10.10"]
[SourceQuality "1"]
[WhiteTeam "Schwerin SF II"]
[BlackTeam "Neubrandenburg SG Eintracht"]
[WhiteTeamCountry "GER"]
[BlackTeamCountry "GER"]

1. e4 e5 2. Bc4 Nf6 3. d3 Be7 4. Nc3 Nc6 5. f4 d6 6. Nf3 exf4 7. Bxf4 Na5 8. Bb3 Nxb3 9. axb3 c6 10. 0-0 0-0 11. d4 b5 12. Qd3 b4 13. Ne2 a5 14. c4 d5 15. e5 Ne8 16. Be3 Nc7 17. h3 Ne6 18. Ng3 c5 19. Nf5 dxc4 20. bxc4 cxd4 21. Qe4 Ba6 22. N3xd4 Nxd4 23. Qxd4 Bg5 24. Bxg5 Qxg5 25. h4 Qd8 26. Qg4 g6 27. Rad1 Qc7 28. Qg5 f6 29. exf6 Bxc4 30. Rf2 Kh8 31. Ne7 Rf7 32. Rc1 b3 33. Qh6 Re8 34. Nxg6+ Kg8 35. Ne7+ Kh8 36. Ng6+ Kg8 37. Ne7+ Kh8 38. Qh5 Qb6 39. Rxc4 1-0

[Event "Mecklenburg VP VL1819"]
[Site "Mecklenburg VP"]
[Date "2019.02.24"]
[Round "6.1"]
[White "Hornych, Christoph"]
[Black "Wolke, Heiko"]
[Result "1-0"]
[WhiteElo "2079"]
[BlackElo "1961"]
[PlyCount "47"]
[EventDate "2018.10.21"]
[EventType "team-tourn"]
[EventRounds "9"]
[EventCountry "GER"]
[SourceTitle "EXT 2022"]
[Source "ChessBase"]
[SourceDate "2021.10.06"]
[SourceVersion "1"]
[SourceVersionDate "2021.10.06"]
[SourceQuality "1"]
[WhiteTeam "Schwerin SF II"]
[BlackTeam "Warnemuende SF Ostsee"]
[WhiteTeamCountry "GER"]
[BlackTeamCountry "GER"]

1. e4 c6 2. c4 d5 3. exd5 cxd5 4. d4 Nf6 5. Nc3 g6 6. Nf3 Bg7 7. c5 0-0 8. Bd3 Nc6 9. h3 Ne4 10. Nxe4 dxe4 11. Bxe4 Nxd4 12. 0-0 Nc6 13. Qe2 Qc7 14. Rb1 a5 15. Rd1 Be6 16. b3 Rfd8 17. Bb2 Bxb2 18. Qxb2 Rd7 19. a3 Rad8 20. Rxd7 Rxd7 21. b4 axb4 22. axb4 Qf4 23. Re1 f5 24. Bxc6 1-0

[Event "Mecklenburg VP VL1819"]
[Site "Mecklenburg VP"]
[Date "2019.01.20"]
[Round "5.2"]
[White "Hubert, Peter"]
[Black "Hornych, Christoph"]
[Result "1/2-1/2"]
[WhiteElo "1997"]
[BlackElo "2079"]
[PlyCount "192"]
[EventDate "2018.10.21"]
[EventType "team-tourn"]
[EventRounds "9"]
[EventCountry "GER"]
[SourceTitle "EXT 2022"]
[Source "ChessBase"]
[SourceDate "2021.10.06"]
[SourceVersion "1"]
[SourceVersionDate "2021.10.06"]
[SourceQuality "1"]
[WhiteTeam "Stralsund FHSG"]
[BlackTeam "Schwerin SF II"]
[WhiteTeamCountry "GER"]
[BlackTeamCountry "GER"]

1. e4 c6 2. d4 d5 3. Nc3 dxe4 4. Nxe4 Nf6 5. Nxf6+ exf6 6. Bc4 Bd6 7. Ne2 Qc7 8. Ng3 0-0 9. 0-0 Nd7 10. Qh5 Nb6 11. Bd3 g6 12. Qh4 Be7 13. Re1 Be6 14. Ne4 Qd8 15. Bh6 Re8 16. c3 Nc4 17. b3 Nd6 18. Nxd6 Qxd6 19. Re3 f5 20. Bg5 Bxg5 21. Qxg5 Qd8 22. Qh6 Qf6 23. Rae1 Qg7 24. Qf4 Re7 25. Bc4 Rae8 26. Qd6 Qf6 27. f4 Kg7 28. Bxe6 fxe6 29. a4 Kf7 30. a5 a6 31. c4 h5 32. b4 g5 33. fxg5 Qxg5 34. b5 axb5 35. cxb5 cxb5 36. d5 e5 37. Rg3 Qf6 38. Qc5 Rd8 39. Qxb5 Qd6 40. Qb1 e4 41. Qd1 Qh6 42. h4 Red7 43. Rg5 Rxd5 44. Qb3 Qf6 45. Rxe4 Qxg5 46. hxg5 fxe4 47. Qb6 R8d6 48. Qxb7+ Kg6 49. a6 e3 50. a7 e2 51. Kf2 Re6 52. Qb1+ Rf5+ 53. Ke1 Ra6 54. Kxe2 Kxg5 55. Qc1+ Kg6 56. a8Q Rxa8 57. Qc6+ Kg5 58. Qxa8 Rf4 59. Qg8+ Kf5 60. Qf7+ Kg5 61. Qg7+ Kf5 62. g3 Rg4 63. Qf7+ Kg5 64. Kf3 Kh6 65. Qe8 Kg5 66. Qe5+ Kg6 67. Qh8 Rg5 68. Kf4 Rf5+ 69. Ke4 Rf1 70. Qg8+ Kh6 71. Qe6+ Kg7 72. Qd7+ Rf7 73. Qd6 Rf6 74. Qe7+ Kg6 75. Qe8+ Kg5 76. Qd8 Kg6 77. Ke5 Rf5+ 78. Ke6 Rf3 79. Qg8+ Kh6 80. Ke5 Rf1 81. g4 hxg4 82. Qxg4 Rf7 83. Ke6 Rg7 84. Qf4+ Kg6 85. Qf5+ Kh6 86. Qe4 Kg5 87. Qe5+ Kg6 88. Qh2 Kg5 89. Qd2+ Kg6 90. Qd4 Kh6 91. Kf6 Kh7 92. Qe4+ Kg8 93. Qe8+ Kh7 94. Qh5+ Kg8 95. Qh6 Rf7+ 96. Kg6 Rf6+ 1/2-1/2

[Event "Mecklenburg VP VL1819"]
[Site "Mecklenburg VP"]
[Date "2018.10.21"]
[Round "1.1"]
[White "Hornych, Christoph"]
[Black "Westphal, Wolfgang"]
[Result "1/2-1/2"]
[WhiteElo "2079"]
[BlackElo "2075"]
[PlyCount "20"]
[EventDate "2018.10.21"]
[EventType "team-tourn"]
[EventRounds "9"]
[EventCountry "GER"]
[SourceTitle "EXT 2022"]
[Source "ChessBase"]
[SourceDate "2021.10.06"]
[SourceVersion "1"]
[SourceVersionDate "2021.10.06"]
[SourceQuality "1"]
[WhiteTeam "Schwerin SF II"]
[BlackTeam "Schwerin SF III"]
[WhiteTeamCountry "GER"]
[BlackTeamCountry "GER"]

1. e4 c5 2. Nf3 Nc6 3. d4 cxd4 4. Nxd4 e5 5. Nb5 a6 6. Nd6+ Bxd6 7. Qxd6 Qf6 8. Qxf6 Nxf6 9. Nc3 Nb4 10. Bd3 h6 1/2-1/2

[Event "Oberliga Nord N 1718"]
[Site "Germany"]
[Date "2018.03.18"]
[Round "8.8"]
[White "Hornych, Christoph"]
[Black "Mueller Navarra, Sylvin"]
[Result "1-0"]
[WhiteElo "2167"]
[BlackElo "1936"]
[PlyCount "60"]
[EventDate "2017.10.08"]
[EventType "team-tourn"]
[EventRounds "9"]
[EventCountry "GER"]
[SourceTitle "EXT 2019"]
[Source "ChessBase"]
[SourceDate "2018.10.10"]
[SourceVersion "1"]
[SourceVersionDate "2018.10.10"]
[SourceQuality "1"]
[WhiteTeam "Schwerin"]
[BlackTeam "Hamburg Diogenes"]
[WhiteTeamCountry "GER"]
[BlackTeamCountry "GER"]

1. e4 e6 2. c4 c5 3. Nc3 Nc6 4. Nf3 d6 5. d4 cxd4 6. Nxd4 a6 7. Be2 Be7 8. Be3 Nf6 9. 0-0 0-0 10. Qd2 Nxd4 11. Bxd4 Bd7 12. Rfd1 Bc6 13. f3 Ne8 14. b4 Rc8 15. a4 e5 16. Be3 f5 17. b5 Bd7 18. Qd5+ Rf7 19. Qxb7 Be6 20. Bb6 Bg5 21. Qxf7+ Kxf7 22. Bxd8 Be3+ 23. Kf1 Rxd8 24. exf5 Bxf5 25. Nd5 Bd4 26. Rxd4 exd4 27. Rd1 Bc2 28. Rxd4 Bxa4 29. bxa6 g5 30. Nb6 Ke7 1-0

[Event "Mecklenburg VP VL 1718"]
[Site "Mecklenburg VP"]
[Date "2018.01.21"]
[Round "5.2"]
[White "Hornych, Christoph"]
[Black "Valet, Richard"]
[Result "1-0"]
[WhiteElo "2056"]
[BlackElo "1980"]
[PlyCount "85"]
[EventDate "2017.10.08"]
[EventType "team-tourn"]
[EventRounds "9"]
[EventCountry "GER"]
[SourceTitle "EXT 2022"]
[Source "ChessBase"]
[SourceDate "2021.10.06"]
[SourceVersion "1"]
[SourceVersionDate "2021.10.06"]
[SourceQuality "1"]
[WhiteTeam "Schwerin SF II"]
[BlackTeam "Greifswald II"]
[WhiteTeamCountry "GER"]
[BlackTeamCountry "GER"]

1. e4 c5 2. Nf3 Nc6 3. d4 cxd4 4. Nxd4 Nf6 5. Nc3 e5 6. Ndb5 d6 7. Bg5 a6 8. Na3 b5 9. Nd5 Be7 10. Bxf6 Bxf6 11. c3 Bg5 12. Nc2 Rb8 13. Bd3 Be6 14. Nce3 Bxe3 15. Nxe3 0-0 16. 0-0 Qg5 17. a4 Ne7 18. axb5 axb5 19. Ra6 Rfd8 20. Qe2 Ng6 21. g3 Nf4 22. Qc2 Bh3 23. Rd1 Kh8 24. Bf1 d5 25. exd5 f5 26. Bxh3 Nxh3+ 27. Kg2 f4 28. Kxh3 fxe3 29. fxe3 e4 30. Qd2 Rf8 31. d6 h5 32. Kg2 Qf5 33. Qe2 Qe5 34. d7 Rbd8 35. Rad6 Rf5 36. R6d4 h4 37. Qg4 Qf6 38. Qxh4+ Qxh4 39. gxh4 Re5 40. Kg3 Re7 41. b3 Kg8 42. c4 bxc4 43. bxc4 1-0

[Event "Mecklenburg VP VL 1415"]
[Site "Mecklenburg VP"]
[Date "2015.03.15"]
[Round "7.1"]
[White "Springer, Guido"]
[Black "Hornych, Christoph"]
[Result "0-1"]
[WhiteElo "1768"]
[BlackElo "2095"]
[PlyCount "50"]
[EventDate "2014.09.21"]
[EventType "team-tourn"]
[EventRounds "9"]
[EventCountry "GER"]
[SourceTitle "EXT 2022"]
[Source "ChessBase"]
[SourceDate "2021.10.06"]
[SourceVersion "1"]
[SourceVersionDate "2021.10.06"]
[SourceQuality "1"]
[WhiteTeam "Gryps SV"]
[BlackTeam "Warnemuende SF Ostsee"]
[WhiteTeamCountry "GER"]
[BlackTeamCountry "GER"]

1. e4 c6 2. d4 d5 3. e5 Bf5 4. Nf3 e6 5. Be2 c5 6. Be3 cxd4 7. Nxd4 Ne7 8. 0-0 Nbc6 9. c4 Nxd4 10. Bxd4 Nc6 11. Qa4 dxc4 12. Bf3 Rc8 13. Bxa7 Be7 14. Qb5 Qc7 15. Bb6 Qb8 16. Nc3 0-0 17. Rfe1 Nb4 18. Be4 Rc6 19. a3 Nd3 20. Bxc6 bxc6 21. Qa5 Qb7 22. Qa7 Rb8 23. Qxb7 Rxb7 24. Na4 Nxe1 25. Rxe1 Bc2 0-1

[Event "Mecklenburg VP VL 1415"]
[Site "Mecklenburg VP"]
[Date "2015.01.18"]
[Round "5.1"]
[White "Ispirjan, Mikael"]
[Black "Hornych, Christoph"]
[Result "1/2-1/2"]
[WhiteElo "1980"]
[BlackElo "2095"]
[PlyCount "95"]
[EventDate "2014.09.21"]
[EventType "team-tourn"]
[EventRounds "9"]
[EventCountry "GER"]
[SourceTitle "EXT 2022"]
[Source "ChessBase"]
[SourceDate "2021.10.06"]
[SourceVersion "1"]
[SourceVersionDate "2021.10.06"]
[SourceQuality "1"]
[WhiteTeam "Torgelow Droegeheide"]
[BlackTeam "Warnemuende SF Ostsee"]
[WhiteTeamCountry "GER"]
[BlackTeamCountry "GER"]

1. e4 c6 2. Ne2 d5 3. e5 Bf5 4. Ng3 Bg6 5. h4 h5 6. e6 fxe6 7. d4 Nh6 8. Bd3 Nf5 9. Nd2 Qd6 10. Qf3 Nd7 11. Nxf5 Bxf5 12. Bxf5 exf5 13. Qxf5 Qf6 14. Qxf6 exf6 15. Nf3 Bd6 16. Bd2 Kf7 17. 0-0-0 Rae8 18. Rde1 Re4 19. Rxe4 dxe4 20. Ng1 Re8 21. Ne2 f5 22. Bf4 Be7 23. c4 b5 24. cxb5 cxb5 25. Nc3 Rc8 26. Kb1 a6 27. g3 Nb6 28. Rc1 Ke6 29. Rf1 Bf6 30. Be3 Nd5 31. Ne2 Rc4 32. b3 Nc3+ 33. Kb2 Nxe2 34. bxc4 bxc4 35. Kc2 Kd5 36. Rd1 c3 37. Kb3 f4 38. gxf4 g6 39. a3 Bxh4 40. Re1 Nxd4+ 41. Kxc3 Nb5+ 42. Kb3 Nd4+ 43. Kc3 Nb5+ 44. Kb4 Be7+ 45. Ka5 Nxa3 46. Rd1+ Ke6 47. Kxa6 Nc4 48. Bc1 1/2-1/2

[Event "Mecklenburg VP VL 1415"]
[Site "Mecklenburg VP"]
[Date "2014.11.23"]
[Round "3.1"]
[White "Hornych, Christoph"]
[Black "Weyrich, Morten"]
[Result "0-1"]
[WhiteElo "2095"]
[BlackElo "2190"]
[PlyCount "122"]
[EventDate "2014.09.21"]
[EventType "team-tourn"]
[EventRounds "9"]
[EventCountry "GER"]
[SourceTitle "EXT 2022"]
[Source "ChessBase"]
[SourceDate "2021.10.06"]
[SourceVersion "1"]
[SourceVersionDate "2021.10.06"]
[SourceQuality "1"]
[WhiteTeam "Warnemuende SF Ostsee"]
[BlackTeam "Schwerin SF III"]
[WhiteTeamCountry "GER"]
[BlackTeamCountry "GER"]

1. e4 e5 2. Bc4 Nf6 3. d3 Nc6 4. Nc3 Bb4 5. a3 Bxc3+ 6. bxc3 d5 7. exd5 Nxd5 8. Qf3 Be6 9. Ne2 0-0 10. Rb1 Qd7 11. 0-0 Rab8 12. Bxd5 Bxd5 13. Qe3 Rfe8 14. c4 Be6 15. Bb2 f5 16. f4 e4 17. dxe4 fxe4 18. Rbd1 Qf7 19. f5 Bxc4 20. f6 g6 21. Rf4 Bxe2 22. Qxe2 Rbd8 23. Rxd8 Nxd8 24. Rxe4 Rxe4 25. Qxe4 Qe6 26. Qh4 Qb6+ 27. Bd4 Qb1+ 28. Kf2 Qxc2+ 29. Ke1 Nf7 30. Qf4 Qxg2 31. Qe3 Qc6 32. Qe7 Qh1+ 33. Kd2 Qxh2+ 34. Kc3 Qd6 35. Bc5 Qd8 36. Qe6 h5 37. Bd4 Qd6 38. Qe8+ Qf8 39. Qe4 Qxa3+ 40. Kc2 Qa4+ 41. Kb1 Qb4+ 42. Ka2 Qc4+ 43. Kb1 Kh7 44. Qe7 a5 45. Bb2 g5 46. Qf8 Kg6 47. Qg8+ Kf5 48. Qc8+ Kf4 49. Qh3 Qe4+ 50. Ka2 Qa4+ 51. Kb1 Qd1+ 52. Ka2 a4 53. Qh2+ Kf5 54. Qxc7 Qb3+ 55. Kb1 Qd1+ 56. Ka2 Qd5+ 57. Kb1 h4 58. Qc8+ Kg6 59. Qe8 h3 60. Qg8+ Kh5 61. Qh7+ Kg4 0-1

[Event "Mecklenburg VP VL 1415"]
[Site "Mecklenburg VP"]
[Date "2014.09.21"]
[Round "1.1"]
[White "Moeller, Peter"]
[Black "Hornych, Christoph"]
[Result "1/2-1/2"]
[WhiteElo "2001"]
[BlackElo "2095"]
[PlyCount "23"]
[EventDate "2014.09.21"]
[EventType "team-tourn"]
[EventRounds "9"]
[EventCountry "GER"]
[SourceTitle "EXT 2022"]
[Source "ChessBase"]
[SourceDate "2021.10.06"]
[SourceVersion "1"]
[SourceVersionDate "2021.10.06"]
[SourceQuality "1"]
[WhiteTeam "Rostock HSG Uni"]
[BlackTeam "Warnemuende SF Ostsee"]
[WhiteTeamCountry "GER"]
[BlackTeamCountry "GER"]

1. d4 Nf6 2. Bf4 d5 3. e3 c6 4. Nf3 e6 5. c3 Be7 6. Ne5 Nbd7 7. Nd2 0-0 8. Bd3 Ne8 9. h4 f6 10. Qh5 f5 11. Qe2 Nxe5 12. dxe5 1/2-1/2

[Event "Mecklenburg VP VL 1314"]
[Site "Mecklenburg VP"]
[Date "2014.03.16"]
[Round "7.1"]
[White "Hornych, Christoph"]
[Black "Weber, Max"]
[Result "0-1"]
[WhiteElo "2061"]
[BlackElo "2097"]
[PlyCount "48"]
[EventDate "2013.10.20"]
[EventType "team-tourn"]
[EventRounds "9"]
[EventCountry "GER"]
[SourceTitle "EXT 2022"]
[Source "ChessBase"]
[SourceDate "2021.10.06"]
[SourceVersion "1"]
[SourceVersionDate "2021.10.06"]
[SourceQuality "1"]
[WhiteTeam "Warnemuende SF Ostsee"]
[BlackTeam "Rostock SSC 07 II"]
[WhiteTeamCountry "GER"]
[BlackTeamCountry "GER"]

1. e4 c5 2. Nf3 e6 3. c4 Nc6 4. Nc3 Nf6 5. d4 cxd4 6. Nxd4 Bb4 7. f3 d5 8. exd5 exd5 9. Qa4 Qe7+ 10. Be2 0-0 11. Nxc6 bxc6 12. a3 Bc5 13. Bg5 Rb8 14. 0-0-0 Be3+ 15. Bxe3 Qxe3+ 16. Rd2 Rxb2 17. Kxb2 Qxd2+ 18. Qc2 Qg5 19. g4 Be6 20. h4 Qe5 21. Ka2 dxc4 22. Rc1 Rb8 23. h5 Rb3 24. Qd2 Qa5 0-1

[Event "Mecklenburg VP VL 1314"]
[Site "Mecklenburg VP"]
[Date "2013.12.15"]
[Round "4.1"]
[White "Schwetlick, Thomas"]
[Black "Hornych, Christoph"]
[Result "1/2-1/2"]
[WhiteElo "1846"]
[BlackElo "2061"]
[PlyCount "55"]
[EventDate "2013.10.20"]
[EventType "team-tourn"]
[EventRounds "9"]
[EventCountry "GER"]
[SourceTitle "EXT 2022"]
[Source "ChessBase"]
[SourceDate "2021.10.06"]
[SourceVersion "1"]
[SourceVersionDate "2021.10.06"]
[SourceQuality "1"]
[WhiteTeam "Rostock HSG Uni"]
[BlackTeam "Warnemuende SF Ostsee"]
[WhiteTeamCountry "GER"]
[BlackTeamCountry "GER"]

1. e4 c6 2. d4 d5 3. Nc3 dxe4 4. Nxe4 Bf5 5. Ng3 g6 6. Nxf5 gxf5 7. Nf3 e6 8. Bf4 Nd7 9. Bd3 Bg7 10. Qe2 Ne7 11. c4 Qa5+ 12. Bd2 Qc7 13. Bc3 Qf4 14. Qe3 Qg4 15. Be2 Qg6 16. Nh4 Qf6 17. g3 Ng6 18. d5 e5 19. Nxg6 hxg6 20. f4 0-0 21. fxe5 Nxe5 22. Qxe5 Qxe5 23. Bxe5 Bxe5 24. dxc6 Bxb2 25. cxb7 Rab8 26. Rd1 Bc3+ 27. Kf2 Rxb7 28. Rd3 1/2-1/2

[Event "Mecklenburg VP VL 1314"]
[Site "Mecklenburg VP"]
[Date "2013.11.24"]
[Round "3.1"]
[White "Hornych, Christoph"]
[Black "Rittemann, Steffen"]
[Result "0-1"]
[WhiteElo "2061"]
[BlackElo "2160"]
[PlyCount "56"]
[EventDate "2013.10.20"]
[EventType "team-tourn"]
[EventRounds "9"]
[EventCountry "GER"]
[SourceTitle "EXT 2022"]
[Source "ChessBase"]
[SourceDate "2021.10.06"]
[SourceVersion "1"]
[SourceVersionDate "2021.10.06"]
[SourceQuality "1"]
[WhiteTeam "Warnemuende SF Ostsee"]
[BlackTeam "Schwerin SF II"]
[WhiteTeamCountry "GER"]
[BlackTeamCountry "GER"]

1. e4 c5 2. Nf3 d6 3. d4 cxd4 4. Nxd4 Nf6 5. Nc3 a6 6. Bc4 e6 7. a4 Be7 8. Be3 0-0 9. 0-0 Nc6 10. Qe2 Bd7 11. f4 Nxe4 12. Nxe4 d5 13. Bxd5 exd5 14. Nd2 Re8 15. Qf2 Nxd4 16. Bxd4 Bf5 17. c3 Bh4 18. g3 Be7 19. Rfe1 Bf8 20. Qg2 Qd7 21. a5 h5 22. Nf3 Qb5 23. Nh4 Rxe1+ 24. Rxe1 Be4 25. Qe2 Bc5 26. Qf2 Bxd4 27. Qxd4 Qxb2 28. Rxe4 Qb1+ 0-1

[Event "Rostock SSC op 12th"]
[Site "Rostock"]
[Date "2013.08.01"]
[Round "3"]
[White "Hornych, Christoph"]
[Black "Ehlert, Horst"]
[Result "1/2-1/2"]
[WhiteElo "2172"]
[BlackElo "1998"]
[PlyCount "26"]
[EventDate "2013.07.31"]
[EventType "swiss"]
[EventRounds "7"]
[EventCountry "GER"]
[SourceTitle "EXT 2018"]
[Source "ChessBase"]
[SourceDate "2017.10.13"]
[SourceVersion "1"]
[SourceVersionDate "2017.10.13"]
[SourceQuality "1"]

1. e4 e6 2. d4 d5 3. Nd2 dxe4 4. Nxe4 Nd7 5. Nf3 Ngf6 6. Nxf6+ Nxf6 7. Bd3 c5 8. 0-0 cxd4 9. Nxd4 a6 10. c3 Bc5 11. Nb3 Bd6 12. Bg5 Bd7 13. Qe2 Qc7 1/2-1/2

[Event "Tierpark op 5th"]
[Site "Ueckermuende"]
[Date "2006.09.03"]
[Round "5"]
[White "Hornych, Christoph"]
[Black "Kliewe, Hans Juergen"]
[Result "0-1"]
[WhiteElo "2080"]
[BlackElo "2062"]
[PlyCount "100"]
[EventDate "2006.09.01"]
[EventType "swiss"]
[EventRounds "5"]
[EventCountry "GER"]
[SourceTitle "EXT 2023"]
[Source "ChessBase"]
[SourceDate "2022.10.05"]
[SourceVersion "1"]
[SourceVersionDate "2022.10.05"]
[SourceQuality "1"]

1. e4 e6 2. d4 d5 3. Nd2 Nf6 4. e5 Nfd7 5. Bd3 c5 6. c3 Nc6 7. Ne2 cxd4 8. cxd4 Qb6 9. Nf3 Bb4+ 10. Bd2 Bxd2+ 11. Qxd2 Qb4 12. a3 Qxd2+ 13. Nxd2 Nb6 14. b4 Bd7 15. 0-0 Ke7 16. Rfc1 Rhc8 17. Nb3 Na4 18. Bb5 Nd8 19. Bxa4 Bxa4 20. Nc5 Bb5 21. Nc3 Bc4 22. b5 b6 23. Na6 Nb7 24. Nb4 Na5 25. Rab1 Rf8 26. f4 f6 27. f5 fxe5 28. fxe6 Kxe6 29. dxe5 Rf5 30. Re1 Rd8 31. Rbd1 Rxe5 32. Rxe5+ Kxe5 33. Re1+ Kd4 34. Nb1 Bxb5 35. Nd2 Rd7 36. Nf3+ Kc5 37. Ne5 Re7 38. Ned3+ Kd6 39. Rxe7 Kxe7 40. Nxd5+ Kd6 41. N3b4 Nc4 42. Nc3 Nxa3 43. Nc2 Nxc2 44. Nxb5+ Kc5 45. Nxa7 b5 46. Kf2 b4 47. Ke2 b3 48. Kd2 Kb4 49. Nc6+ Ka3 50. Kc1 Ka2 0-1

[Event "Tierpark op 5th"]
[Site "Ueckermuende"]
[Date "2006.09.02"]
[Round "3"]
[White "Hornych, Christoph"]
[Black "Strate, Gerda"]
[Result "1-0"]
[WhiteElo "2080"]
[BlackElo "1740"]
[PlyCount "118"]
[EventDate "2006.09.01"]
[EventType "swiss"]
[EventRounds "5"]
[EventCountry "GER"]
[SourceTitle "EXT 2023"]
[Source "ChessBase"]
[SourceDate "2022.10.05"]
[SourceVersion "1"]
[SourceVersionDate "2022.10.05"]
[SourceQuality "1"]

1. e4 e5 2. Nf3 Nc6 3. Bc4 Bc5 4. 0-0 h6 5. c3 d6 6. d4 exd4 7. cxd4 Bb6 8. Re1 Nge7 9. Be3 0-0 10. Nbd2 d5 11. Bb5 Bg4 12. exd5 Nxd4 13. Bxd4 Bxd4 14. Re4 Bxf3 15. Qxf3 Bxb2 16. Rb1 Bf6 17. Rg4 Ng6 18. Ne4 Be7 19. Qf5 a6 20. Bd3 Qc8 21. Qh5 Qe8 22. Ng3 Bg5 23. h4 Nf4 24. Rxf4 Bxf4 25. Qf5 g6 26. Qxf4 Qd7 27. Qxh6 Qxd5 28. Be4 Qe5 29. Rxb7 Rab8 30. h5 Rxb7 31. hxg6 Qa1+ 32. Kh2 Qh8 33. Qxh8+ Kxh8 34. Bxb7 fxg6 35. Ne4 a5 36. Kg3 Kg7 37. a4 Rf5 38. Bc6 Kf8 39. f3 Ke7 40. Kf2 Rf8 41. Nd2 Kd6 42. Be4 g5 43. Nc4+ Kc5 44. Nxa5 Kb4 45. Nc6+ Kxa4 46. Ke3 Kb5 47. Nd4+ Kc4 48. Ne6 Rf7 49. Nxg5 Rf8 50. f4 Kc3 51. f5 c5 52. f6 Re8 53. f7 Rf8 54. Bg6 c4 55. Ne6 Rxf7 56. Bxf7 Kb2 57. g4 c3 58. Nd4 c2 59. Nxc2 Kxc2 1-0

[Event "Mecklenburg VP LL 0506"]
[Site "Mecklenburg VP"]
[Date "2005.11.27"]
[Round "3.6"]
[White "Hornych, Christoph"]
[Black "Mitscherling, Reinhard"]
[Result "1-0"]
[WhiteElo "2037"]
[BlackElo "1910"]
[PlyCount "81"]
[EventDate "2005.10.23"]
[EventType "team"]
[EventRounds "9"]
[EventCountry "GER"]
[SourceTitle "EXT 2008"]
[Source "ChessBase"]
[SourceDate "2007.11.25"]
[SourceVersion "1"]
[SourceVersionDate "2007.11.25"]
[SourceQuality "1"]
[WhiteTeam "Neukloster"]
[BlackTeam "Ludwigslust"]
[WhiteTeamCountry "GER"]
[BlackTeamCountry "GER"]

1. e4 e5 2. Nf3 Nc6 3. Bc4 Be7 4. 0-0 Nf6 5. Nc3 0-0 6. d4 exd4 7. Nxd4 Nxd4 8. Qxd4 d6 9. Bg5 h6 10. Bh4 c6 11. Rad1 Qa5 12. Rfe1 Bg4 13. e5 dxe5 14. Rxe5 c5 15. Qf4 Be6 16. Bxe6 fxe6 17. Rxe6 Rf7 18. Qc4 Qb4 19. b3 Qxc4 20. bxc4 a6 21. a4 g5 22. Bg3 Bf8 23. Nd5 Nxd5 24. cxd5 b5 25. h4 bxa4 26. Ra1 gxh4 27. Be5 Bg7 28. Bxg7 Kxg7 29. Rxa4 Rd8 30. c4 Rb8 31. Raxa6 Rb1+ 32. Kh2 Rxf2 33. Ra7+ Kg8 34. Rg6+ Kf8 35. Rxh6 Rf7 36. Rxf7+ Kxf7 37. Rc6 Ke7 38. Rxc5 Kd6 39. Rc6+ Ke5 40. Rh6 Rc1 41. Rxh4 1-0

[Event "Rostock  PSV op 04th"]
[Site "Rostock"]
[Date "2004.08.29"]
[Round "7"]
[White "Schroeder, Christian"]
[Black "Hornych, Christoph"]
[Result "0-1"]
[WhiteElo "2100"]
[BlackElo "2157"]
[PlyCount "113"]
[EventDate "2004.08.26"]
[EventType "swiss"]
[EventRounds "7"]
[EventCountry "GER"]
[SourceTitle "EXT 2007"]
[Source "ChessBase"]
[SourceDate "2006.11.23"]
[SourceVersion "1"]
[SourceVersionDate "2006.11.23"]
[SourceQuality "1"]

1. c4 Nf6 2. Nc3 d5 3. cxd5 Nxd5 4. d4 g6 5. e4 Nxc3 6. bxc3 Bg7 7. Bc4 c5 8. Ne2 Nc6 9. Be3 cxd4 10. cxd4 0-0 11. 0-0 a6 12. Rc1 Bd7 13. Qd2 b5 14. Bd5 Rc8 15. Bxc6 Bxc6 16. d5 Bb7 17. Rxc8 Qxc8 18. Rc1 Qd7 19. Bd4 Rd8 20. Bxg7 Kxg7 21. Rc5 Rc8 22. Qc3+ Kg8 23. Nd4 Rxc5 24. Qxc5 Qd6 25. Qxd6 exd6 26. f4 f5 27. exf5 Bxd5 28. a3 Bc4 29. Kf2 a5 30. fxg6 hxg6 31. Ke3 Kf7 32. Nc6 a4 33. Kd4 Ke6 34. Nb4 Kf5 35. Ke3 Kg4 36. Nc2 Bf1 37. Nd4 b4 38. axb4 a3 39. Nb3 Bxg2 40. b5 Kh3 41. b6 Kxh2 42. Nc1 Kg3 43. Nb3 a2 44. Na1 Kg4 45. Nc2 Bb7 46. Na1 Kf5 47. Nc2 Ke6 48. Kd4 Kd7 49. Kc3 Be4 50. Na1 Kc6 51. Kb2 Bd5 52. Nc2 Kxb6 53. Kc3 Be4 54. Na1 Kc5 55. Nb3+ Kd5 56. Kb2 Kc4 57. Na1 0-1